Rightsizing issues in central government: an evaluation of the schme for optimisation of direct recruitment to civilian post (Record no. 493139)

000 -LEADER
fixed length control field 00666cam a22001817a 4500
008 - FIXED-LENGTH DATA ELEMENTS--GENERAL INFORMATION
fixed length control field 180718b2005 xxu||||| |||| 00| 0 eng d
082 ## - DEWEY DECIMAL CLASSIFICATION NUMBER
Classification number APPPA/2004-05/KAS/21
100 ## - MAIN ENTRY--PERSONAL NAME
Personal name Kashyap, Vidhu
245 ## - TITLE STATEMENT
Title Rightsizing issues in central government: an evaluation of the schme for optimisation of direct recruitment to civilian post
Statement of responsibility, etc. by Vidhu Kashyap
260 ## - PUBLICATION, DISTRIBUTION, ETC.
Place of publication, distribution, etc. New Delhi
Name of publisher, distributor, etc. Indian Institute of Public Administration
Date of publication, distribution, etc. 2005
300 ## - PHYSICAL DESCRIPTION
Extent 146p.
500 ## - GENERAL NOTE
General note An APPPA M.Phil dissertation, 2004-05 (Guide: Sujata Singh)
650 ## - SUBJECT ADDED ENTRY--TOPICAL TERM
Topical term or geographic name entry element Civilian post
650 ## - SUBJECT ADDED ENTRY--TOPICAL TERM
Topical term or geographic name entry element Direct recruitment
650 ## - SUBJECT ADDED ENTRY--TOPICAL TERM
Topical term or geographic name entry element Optimisation
650 ## - SUBJECT ADDED ENTRY--TOPICAL TERM
Topical term or geographic name entry element Central government
650 ## - SUBJECT ADDED ENTRY--TOPICAL TERM
Topical term or geographic name entry element Rightsizing
Holdings
Withdrawn status Lost status Damaged status Not for loan Permanent Location Current Location Date acquired Full call number Barcode Date last seen Price effective from Koha item type
        Indian Institute of Public Administration Indian Institute of Public Administration 2018-08-04 APPPA/2004-05/KAS/21 GR17293 2018-08-04 2018-08-04 GR

Powered by Koha